№ 11; Приборы и системы. Управление, контроль, диагностика

গ্রন্থ-পঞ্জীর বিবরন
Parent link:Приборы и системы. Управление, контроль, диагностика: научно-технический и производственный журнал/ ООО "Научтехлитиздат". № 11.— , 2000-
ভাষা:রুশ
প্রকাশিত: 2015
বিন্যাস: MixedMaterials গ্রন্থ
KOHA link:https://koha.lib.tpu.ru/cgi-bin/koha/opac-detail.pl?biblionumber=554910

MARC

LEADER 00000nam2a2200000 4500
001 554910
005 20231101121601.0
035 |a (RuTPU)RU\TPU\prd\248950 
090 |a 554910 
100 |a 20151224a20009999k y0rusy50 ca 
101 0 |a rus 
102 |a RU 
200 0 |a № 11 
210 |d 2015 
461 1 |0 (RuTPU)RU\TPU\prd\1687  |t Приборы и системы. Управление, контроль, диагностика  |o научно-технический и производственный журнал  |f ООО "Научтехлитиздат"  |v № 11  |d 2000- 
801 0 |a RU  |b 63413507  |c 20010227  |g PSBO 
801 1 |a RU  |b 63413507  |c 20151224 
801 2 |a RU  |b 63413507  |c 20230609  |g RCR 
942 |c BK 
999 |a НТБ_ТПУ  |b НФ  |e -1/20150112  |p П-5989  |s 1/20150608  |u 0,00  |v 1